000 00910nam a22002055i 4500
001 157940
003 ES-MaACL
005 20250902063109.0
008 991112s1893 it |||| | ita d
040 _aM-RAJU
_bspa
_cM-RAJU
_dCCPB | B
100 1 _aLombroso, Cesare,
_d1835-1909
_9242173
245 1 3 _aLe più recenti scoperte ed applicazioni della Psichiatria ed Antropologia criminale /
_cCesare Lombroso.
260 _aTorino :
_bFratelli Bocca,
_c1893.
300 _aVIII, 431 p. ;
_c21 cm.
650 4 _aCriminología.
_9135832
650 7 _aAntropología criminal
_2embne
_99866
650 7 _aPsiquiatría
_2embne
_916586
852 _aES-MaACL
_jF-9401
_z-- Enc. pasta española conservando la cub. original
_x-- Edic.: El imp. es: Torino : Tip. e Lit. Camilla e Bertolero -- En la cub. original consta la serie: (Biblioteca antropologico-giuridica. Serie I; 18)
999 _c157940
_d157940